书目信息 |
| 题名: |
如何进行现金流管理
|
|
| 作者: | 杜古军 , 王守海 编著 | |
| 分册: | ||
| 出版信息: | 北京 北京大学出版社 2014 |
|
| 页数: | 262页 | |
| 开本: | 24cm | |
| 丛书名: | 职业经理人十万个怎么办 | |
| 单 册: | ||
| 中图分类: | F275.1 | |
| 科图分类: | ||
| 主题词: | 企业管理--现金管理 | |
| 电子资源: | ||
| ISBN: | 978-7-301-07919-5 | |
| 000 | 01006oam2 2200277 450 | |
| 001 | 338262 | |
| 005 | 20150601164206.20 | |
| 010 | @a978-7-301-07919-5@dCNY36.00 | |
| 100 | @a20041206d2004 em y0chiy50 ea | |
| 101 | 0 | @achi |
| 102 | @aCN@b110000 | |
| 105 | @ay z 000yy | |
| 106 | @ar | |
| 200 | 1 | @a如何进行现金流管理@Aru he jin xing xian jin liu guan li@f杜古军, 王守海编著 |
| 210 | @a北京@c北京大学出版社@d2014 | |
| 215 | @a262页@d24cm | |
| 225 | 2 | @a职业经理人十万个怎么办@i财务类@v507 |
| 330 | @a本书立足于现代资金管理、财务管理和企业运营管理等理论, 结合作者多年财务运作经验, 并借鉴成功企业的现金流管理实践, 从企业经营、投资、筹资及企业整体运营的角度对现金流管理的操作方法和技巧进行了系统的介绍。 | |
| 410 | 0 | @12001 @a职业经理人十万个怎么办 |
| 462 | @1462 @a财务类 | |
| 606 | 0 | @a企业管理@x现金管理 |
| 690 | @aF275.1@v5 | |
| 701 | 0 | @a杜古军@Adu gu jun@4编著 |
| 701 | 0 | @a王守海@Awang shou hai@c(企业管理)@4编著 |
| 801 | 0 | @aCN@b卓展宏图@c20150525 |
| 905 | @dF275.1@e1200@f4 | |
| 如何进行现金流管理/杜古军, 王守海编著.-北京:北京大学出版社,2014 |
| 262页;24cm.-(职业经理人十万个怎么办.财务类;507) |
| ISBN 978-7-301-07919-5:CNY36.00 |
| 本书立足于现代资金管理、财务管理和企业运营管理等理论, 结合作者多年财务运作经验, 并借鉴成功企业的现金流管理实践, 从企业经营、投资、筹资及企业整体运营的角度对现金流管理的操作方法和技巧进行了系统的介绍。 |
| ● |
| 相关链接 |
|
|
|
|
正题名:如何进行现金流管理
索取号:F275.1/1200
 
预约/预借
| 序号 | 登录号 | 条形码 | 馆藏地/架位号 | 状态 | 备注 |
| 1 | 861479 | 208614793 | 第一样本阅览室/ [索取号:F275.1/1200] | 在馆 | |
| 2 | 861480 | 208614800 | 第一借阅区/ [索取号:F275.1/1200] | 在馆 | |
| 3 | 861481 | 208614819 | 密集书库-海洋学院/ [索取号:F275.1/1200] | 在馆 | |
| 4 | 861482 | 208614828 | 第一借阅区/ [索取号:F275.1/1200] | 在馆 |